| 000 | 00786nam a22002411 4500 | ||
|---|---|---|---|
| 001 | 141013 | ||
| 003 | ES-MaACL | ||
| 005 | 20250814052159.0 | ||
| 007 | t| | ||
| 008 | 000401s1961 sp ||||0| spa d | ||
| 016 | 7 | _zIND2000945676 | |
| 040 |
_aM-BN _bspa _cCDM |
||
| 080 | _a621.313.13.004.67 | ||
| 100 | 1 |
_aWilkinson, Karl. _9116867 |
|
| 245 | 1 | 0 |
_aReparación de pequeños motores eléctricos / _cKarl Wilkinson ; versión... de la edición inglesa, por Carlos Ferrer Kutter. |
| 260 |
_aBarcelona : _bJosé Montesó, _c1961. |
||
| 300 |
_a216 p., 11 h. de lám. : _bil. ; _c22 cm. |
||
| 650 | 1 | 7 |
_aMotores eléctricos _2embne _9153352 |
| 700 | 1 |
_aFerrer Kutter, Carlos. _950480 |
|
| 852 |
_aES-MaACL _jC-21553 _bR.50073 |
||
| 999 |
_c141013 _d141013 |
||